Engineering electromagnetics (Record no. 2021)

MARC details
000 -LEADER
fixed length control field 00585nam a22002177a 4500
003 - CONTROL NUMBER IDENTIFIER
control field OSt
005 - DATE AND TIME OF LATEST TRANSACTION
control field 20150611180348.0
008 - FIXED-LENGTH DATA ELEMENTS--GENERAL INFORMATION
fixed length control field 150611b xxu||||| |||| 00| 0 eng d
020 ## - INTERNATIONAL STANDARD BOOK NUMBER
International Standard Book Number 9780071089012
040 ## - CATALOGING SOURCE
Transcribing agency DDC
082 ## - DEWEY DECIMAL CLASSIFICATION NUMBER
Edition number 22nd ed.
Classification number 620.1 HAY 2012
100 ## - MAIN ENTRY--PERSONAL NAME
Personal name Hayt, William H.
9 (RLIN) 5254
245 ## - TITLE STATEMENT
Title Engineering electromagnetics
250 ## - EDITION STATEMENT
Edition statement 8th ed.
260 ## - PUBLICATION, DISTRIBUTION, ETC. (IMPRINT)
Place of publication, distribution, etc. New York;
Name of publisher, distributor, etc. Mcgraw-hill,
Date of publication, distribution, etc. 2012
300 ## - PHYSICAL DESCRIPTION
Extent xiv,593p;
Other physical details col.ill:
Dimensions 23cm
504 ## - BIBLIOGRAPHY, ETC. NOTE
Bibliography, etc Appendices, & index included
650 ## - SUBJECT ADDED ENTRY--TOPICAL TERM
Topical term or geographic name as entry element Electromagnetism
9 (RLIN) 3955
700 ## - ADDED ENTRY--PERSONAL NAME
Personal name Buck, John A.
9 (RLIN) 5255
942 ## - ADDED ENTRY ELEMENTS (KOHA)
Source of classification or shelving scheme Other/Generic Classification Scheme
Koha item type Open Shelf
Holdings
Withdrawn status Lost status Source of classification or shelving scheme Damaged status Not for loan Home library Current library Date acquired Source of acquisition Inventory number Total Checkouts Full call number Barcode Date last seen Koha item type
    Dewey Decimal Classification     MUST Main Library MUST Main Library 11/06/2015   15/39060   620.1 HAY 2012 2015-1839 11/06/2015 Open Shelf
    Dewey Decimal Classification     MUST Main Library MUST Main Library 11/06/2015   15/39061   620.1 HAY 2012 2015-1840 11/06/2015 Open Shelf